| 000 | 02274nam a2200253Ia 4500 | ||
|---|---|---|---|
| 003 | OSt | ||
| 005 | 20251107145345.0 | ||
| 008 | 210210b2015 xxu||||| |||| 00| 0 eng d | ||
| 040 | _cAL | ||
| 041 | _aKannada | ||
| 082 | _aK894.8 PANP | ||
| 100 |
_aPANJE MANGESHARAV _dಪಂಜೆ ಮಂಗೇಶರಾಯ _9244744 |
||
| 245 |
_aPanje mangesharayara samagra sahitya _bಪಂಜೆ ಮಂಗೇಶರಾಯರ ಸಮಗ್ರ ಸಾಹಿತ್ಯ |
||
| 260 |
_aBengaluru _bAnkitha Pusthaka., _c2015 |
||
| 300 | _a589 | ||
| 520 | _aಪಂಜೆ ಮಂಗೇಶರಾಯರು ಕನ್ನಡ ನವೊದಯದ ಮಹಾಬೆಳಗು ಎನ್ನುತ್ತಾರೆ. ಸುತ್ತಿನ ತುಳು, ಕೊಂಕಣಿ, ಕೊಡವ ಭಾಷಿಕ ಸಂಸ್ಕೃತಿಯನ್ನು ಕನ್ನಡದೊಂದಿಗೆ ಒಂದಾಗಿಸಲು ಹೆಣಗಿದವರು ಪಂಜೆ ಮಂಗೇಶರಾಯರು ಮಕ್ಕಳಿಗಾಗಿ ಹಾಡು, ಕತೆ ಬರೆದವರು. ಶಾಸ್ತ್ರ ಪಾಂಡಿತ್ಯ ಮೆರೆದರು. ಇಂಗ್ಲಿಷ್-ಕನ್ನಡ ನಿಘಂಟು, ಕನ್ನಡ ಮೂಲ ವ್ಯಾಕರಣ, ಶಬ್ದಮಣಿದರ್ಪಣ - ಕೇಶಿರಾಜಕೃತ ವ್ಯಾಕರಣದ ಪರಿಷ್ಕೃತ ಸಂಪಾದನೆ ಕೃತಿ ನೀಡಿದ್ದು, ಆಧುನಿಕ ಶಿಕ್ಷಣಕ್ಕೆ ಪೂರಕವಾಗಿ ಕೆಲಸ ಮಾಡಿದವರು. .ಆಯ್ದ ಕವನಗಳ ಸಂಕಲನಗಳನ್ನು - ‘ಕನ್ನಡ ಮೊದಲನೆಯ ಪದ್ಯಪುಸ್ತಕ‘ (1912), ‘ಕನ್ನಡ ಎರಡನೆಯ ಪದ್ಯ ಪುಸ್ತಕ‘ (1919) ಹಾಗೂ ‘ಕನ್ನಡ ಮೂರನೆಯ ಪದ್ಯ ಪುಸ್ತಕ‘ (1920) ಹೀಗೆ ಸಂಪಾದಿಸಿ ಪಠ್ಯ ಪುಸ್ತಕಗಳ ರೂಪದಲ್ಲಿ ಕೃತಿ ರಚಿಸಿದವರು. ಇಂತಹ ಮಹನೀಯರ ಸಾಹಿತ್ಯದ ಸಮಗ್ರ ರೂಪ ಈ ಕೃತಿ. | ||
| 650 |
_asamagra _9244745 |
||
| 650 |
_asahitya _9244746 |
||
| 650 |
_aPanje _9244747 |
||
| 650 |
_amangesharayara _9244748 |
||
| 690 |
_aKannada Collections _9244749 |
||
| 906 | _a070260 | ||
| 942 |
_2ddc _cBK |
||
| 999 |
_c119804 _d119804 |
||